| 000 | 00798nam a2200217Ii 4500 | ||
|---|---|---|---|
| 003 | JO-AjNU | ||
| 008 | 230605s9999||||xx |||||||||||||| ||und|| | ||
| 017 | _a2012/12/4856 | ||
| 020 | _a978-9957-49-030-0 | ||
| 040 |
_aJO-AjNU _bara _erda _cJO-AjNU |
||
| 041 | _aara | ||
| 050 | 1 | 4 | _aDS154.9.A44.Z33 2013 |
| 100 | 3 |
_aالزغول، رفعات راجي، م.مشارك الزغول، نصير عقيل, _eauthor _945192 |
|
| 245 | 0 | 0 | _aعنجرة مدينة الثلج والزيتون بين الماضي والحاضر |
| 264 | 3 | 1 | _aعمان: وزارة الثقافة، 2013 |
| 300 |
_a457ص _b صور توضيحية |
||
| 336 |
_atext _btxt _2rdacontent |
||
| 337 |
_aunmediated _bn _2rdamedia |
||
| 338 |
_avolume _bnc _2rdacarrier |
||
| 650 | 4 |
_aالاردن-عجلون- تاريخ _945193 |
|
| 999 |
_aA19571 _c23139 _d23139 |
||